| 000 | 00740nam a22002297a 4500 | ||
|---|---|---|---|
| 005 | 20170124110205.0 | ||
| 010 | _aB-060115 | ||
| 020 |
_c00.00 _a8185936080 |
||
| 035 | _aB-060115 | ||
| 037 | _bCen Lib/Ret | ||
| 040 |
_aDPL _bEN |
||
| 082 |
_a954.083 _bTAQ |
||
| 100 |
_aTaqui, Roshan _937139 |
||
| 245 |
_aLucknow 1857 : _cby Roshan Taqui _bthe two wars of Lucknow the dusk of an era / |
||
| 260 |
_aLucknow _bNew Royal Book Co. _c2001 |
||
| 270 |
_a32/16, Valmiki Marg Lalbagh Opp. PMG office Hazrat Ganj _bLucknow _e226001 |
||
| 300 |
_axvi,297p. : _c22cm(Hb) _bill. |
||
| 650 |
_aIndia--Lucknow _937140 |
||
| 650 |
_aSiege of Lucknow (India : 1857) _927833 |
||
| 700 | _936959 | ||
| 942 |
_2ddc _cEN _h954.083 _mTAQ |
||
| 999 |
_c133198 _d133198 |
||